Becoming a successful scientist : (Record no. 8589)
[ view plain ]
| 000 -LEADER | |
|---|---|
| fixed length control field | 02062cam a22003374a 4500 |
| 001 - CONTROL NUMBER | |
| control field | 16193715 |
| 003 - CONTROL NUMBER IDENTIFIER | |
| control field | OSt |
| 005 - DATE AND TIME OF LATEST TRANSACTION | |
| control field | 20240618094935.0 |
| 008 - FIXED-LENGTH DATA ELEMENTS--GENERAL INFORMATION | |
| fixed length control field | 100419s2009 enka 000 0 eng |
| 010 ## - LIBRARY OF CONGRESS CONTROL NUMBER | |
| LC control number | 2010292647 |
| 015 ## - NATIONAL BIBLIOGRAPHY NUMBER | |
| National bibliography number | GBA991025 |
| Source | bnb |
| 016 7# - NATIONAL BIBLIOGRAPHIC AGENCY CONTROL NUMBER | |
| Record control number | 015371310 |
| Source | Uk |
| 020 ## - INTERNATIONAL STANDARD BOOK NUMBER | |
| International Standard Book Number | 9780521513616 (hbk.) |
| 020 ## - INTERNATIONAL STANDARD BOOK NUMBER | |
| International Standard Book Number | 0521513618 (hbk.) |
| 020 ## - INTERNATIONAL STANDARD BOOK NUMBER | |
| International Standard Book Number | 9780521735063 (pbk.) |
| 020 ## - INTERNATIONAL STANDARD BOOK NUMBER | |
| International Standard Book Number | 0521735068 (pbk.) |
| 035 ## - SYSTEM CONTROL NUMBER | |
| System control number | (OCoLC)ocn437083029 |
| 040 ## - CATALOGING SOURCE | |
| Original cataloging agency | UKM |
| Transcribing agency | UKM |
| Modifying agency | RSA |
| -- | DLC |
| 042 ## - AUTHENTICATION CODE | |
| Authentication code | lccopycat |
| 082 04 - DEWEY DECIMAL CLASSIFICATION NUMBER | |
| Classification number | 509.2 LOE 2010 |
| 100 1# - MAIN ENTRY--PERSONAL NAME | |
| Personal name | Loehle, Craig, |
| Titles and words associated with a name | Ph. D. |
| 9 (RLIN) | 17413 |
| 245 10 - TITLE STATEMENT | |
| Title | Becoming a successful scientist : |
| Remainder of title | strategic thinking for scientific discovery / |
| Statement of responsibility, etc. | Craig Loehle. |
| 260 ## - PUBLICATION, DISTRIBUTION, ETC. (IMPRINT) | |
| Place of publication, distribution, etc. | Cambridge ; |
| -- | New York : |
| Name of publisher, distributor, etc. | Cambridge University Press, |
| Date of publication, distribution, etc. | 2009. |
| 300 ## - PHYSICAL DESCRIPTION | |
| Extent | viii, 249 p. : |
| Other physical details | ill. ; |
| Dimensions | 24 cm. |
| 520 2# - SUMMARY, ETC. | |
| Summary, etc. | "Scientific research requires both innovation and attention to detail, clever breakthroughs and routine procedures. This indispensable guide gives students and researchers across all scientific disciplines practical advice on how to succeed. All types of scientific careers are discussed, from those in industry and academia to consulting, with emphasis on how scientists spend their time and the skills that are needed to be productive. Strategic thinking, creativity and problem-solving, the central keys to success in research, are all explored. The reader is shown how to enhance the creative process in science, how one goes about making discoveries, putting together the solution to a complex problem and then testing the solution obtained. The social dimension of science is also discussed from the development and execution of a scientific research program to publishing papers, as well as issues of ethics and science policy." --NHBS Environment Bookstore. |
| 650 #0 - SUBJECT ADDED ENTRY--TOPICAL TERM | |
| Topical term or geographic name as entry element | Science |
| General subdivision | Vocational guidance. |
| 9 (RLIN) | 17414 |
| 650 #0 - SUBJECT ADDED ENTRY--TOPICAL TERM | |
| Topical term or geographic name as entry element | Research |
| General subdivision | Management. |
| 9 (RLIN) | 17415 |
| 906 ## - LOCAL DATA ELEMENT F, LDF (RLIN) | |
| a | 7 |
| b | cbc |
| c | copycat |
| d | 2 |
| e | ncip |
| f | 20 |
| g | y-gencatlg |
| 942 ## - ADDED ENTRY ELEMENTS (KOHA) | |
| Source of classification or shelving scheme | Dewey Decimal Classification |
| Koha item type | Open Shelf |
| Withdrawn status | Lost status | Source of classification or shelving scheme | Damaged status | Not for loan | Home library | Current library | Date acquired | Source of acquisition | Inventory number | Total Checkouts | Full call number | Barcode | Date last seen | Price effective from | Koha item type |
|---|---|---|---|---|---|---|---|---|---|---|---|---|---|---|---|
| Dewey Decimal Classification | MUST Main Library | MUST Main Library | 18/06/2024 | Donation | 2011/33172 | 509.2 LOE 2010 | 2024-20723 | 18/06/2024 | 18/06/2024 | Open Shelf |
